000 00460cam a2200181ua 4500
020 _a81 7096 449 0
_c60.00
041 _aeng
_h
082 _a630
_bSIN/PR
100 _aSingh, S S .
245 _aPrinciples and practices of agronomy /
_cS S Singh.
_hTextual Documents
250 _a1 /
_b.
260 _aNew Delhi :
_bKalyani Publishers ,
_c1988.
300 _a324 ; .
365 _a60.00
504 _a
942 _cBK
999 _c9392
_d9392